| 000 | 00586nam a2200205 u 4500 | ||
|---|---|---|---|
| 005 | 20220905063508.0 | ||
| 008 | 090528s2005 ag r 000 0 spa d | ||
| 020 | _a9505810997 | ||
| 035 | _aUPN01000170742 | ||
| 049 | _aCG | ||
| 050 | 4 |
_aPQ7798.23 A7.5 _bC7.8 |
|
| 100 | 1 |
_aMaritano, Alma, _d1937- _932535 |
|
| 245 | 1 | 0 |
_aCruzar la calle / _cAlma Maritano. |
| 260 |
_aBuenos Aires : _bColihue, _c[2005]. |
||
| 300 | _a203 p. | ||
| 440 | 0 |
_aLiteraria LyC : leer y crear ; _v99 |
|
| 650 | 0 |
_aNovela argentina _95078 |
|
| 650 | 0 |
_aLiteratura juvenil argentina _912413 |
|
| 905 | _aLibro | ||
| 999 |
_c142847 _d142847 |
||